14 Highest Currencies in the World - Statistics

General Stats
  • This quiz has been taken 36 times
  • The average score is 5 of 14
Answer Stats
Picture Hint Answer % Correct
1.34 USD British Pound
94%
1.18 USD Euro
83%
1.02 USD Swiss Franc
78%
0.78 USD Australian Dollar
61%
0.70 USD New Zealand Dollar
56%
1 USD United States Dollar
50%
1.20 USD Caymanian Dollar
47%
0.77 USD Canadian Dollar
22%
3.31 USD Kuwaiti Dinar
11%
0.74 USD Singapore Dollar
8%
2.65 USD Bahraini Dinar
6%
1.41 USD Jordanian Dinar
3%
2.60 USD Omani Rial
3%
0.73 USD Libyan Dinar
0%
No matching quizzes found
Score Distribution
Percent of People with Each Score
Percentile by Number Answered
Your Score History
You have not taken this quiz